000 00617nam a2200217Ia 4500
003 OSt
005 20250305115203.0
008 210210b1971 xxu||||| |||| 00| 0 eng d
040 _cAL
041 _ahin
082 _aH891.9 AVAM
100 _aAVANINDRA KUMAR VIDYALANKAR
_9204205
110 _bअवनिन्द्रकुमार विद्यालंकार
_9204206
245 _aMalaviyaji:
_bमालावीयजी
260 _aBharat
_bPrakashan Vibhag
_c1971
300 _a46
650 _aMalaviya
_9204207
690 _aHindi Criticism
_9204208
906 _a030821
942 _2ddc
_cBK
999 _c81903
_d81903